[Event "CZE-ch U16 Girls"]
[Site "Kouty nad Desnou"]
[Date "2024.03.11"]
[Round "3"]
[White "Sikorova, Jana"]
[Black "Dobsa, Emma"]
[Result "0-1"]
[WhiteElo "1788"]
[BlackElo "1750"]
[PlyCount "130"]
[EventDate "2024.03.09"]
[EventType "swiss"]
[EventRounds "9"]
[EventCountry "CZE"]
[SourceTitle "CB12_2024"]
[SourceDate "2023.10.01"]
[SourceVersion "1"]
[SourceVersionDate "2023.10.01"]
[SourceQuality "1"]

1. d4 d5 2. c4 c6 3. cxd5 cxd5 4. Nc3 Nf6 5. Nf3 Nc6 6. Bf4 Qb6 7. Qb3 Bf5 8. Qxb6 axb6 9. e3 e6 10. Rc1 Be7 11. Bb5 0-0 12. Nh4 Bg4 13. h3 Bh5 14. g4 Bg6 15. Nxg6 hxg6 16. Ke2 Rfc8 17. a3 Na5 18. Rc2 Ne4 19. Bd7 Rd8 20. Nxe4 Rxd7 21. Nd2 b5 22. Rhc1 Nc6 23. Nb3 b4 24. axb4 Bxb4 25. Nc5 Bxc5 26. Rxc5 f6 27. f3 Ra2 28. Rb5 e5 29. dxe5 fxe5 30. Bg3 Kf7 31. Rcc5 Ke6 32. Kd2 Ra1 33. Rc1 Ra8 34. h4 Na5 35. Kd3 Nc4 36. e4 dxe4+ 37. Kxc4 Rc8+ 38. Kb3 Rxc1 39. Rxe5+ Kf7 40. Rxe4 Rd3+ 41. Kb4 Rxf3 42. Bd6 Rg1 43. g5 Rh1 44. Re7+ Kg8 45. Rxb7 Rxh4+ 46. Kc5 Rf5+ 47. Kb6 Rh3 48. b4 Rxg5 49. b5 Rd5 50. Kc6 Rd1 51. Re7 Rc3+ 52. Bc5 Rf1 53. Re5 Rf6+ 54. Kd5 Rb3 55. b6 Rbxb6 56. Bxb6 Rxb6 57. Ke4 Kf7 58. Kf4 Kf6 59. Re4 g5+ 60. Kg4 Kg6 61. Rc4 Rf6 62. Kg3 Kh5 63. Rc7 Rg6 64. Rc5 Rb6 65. Rc3 Rb5 0-1

[Event "CZE-ch U16 Girls"]
[Site "Kouty nad Desnou"]
[Date "2024.03.09"]
[Round "1"]
[White "Dobsa, Emma"]
[Black "Holatova, Irena"]
[Result "1-0"]
[WhiteElo "1750"]
[BlackElo "1608"]
[PlyCount "79"]
[EventDate "2024.03.09"]
[EventType "swiss"]
[EventRounds "9"]
[EventCountry "CZE"]
[SourceTitle "CB12_2024"]
[SourceDate "2023.10.01"]
[SourceVersion "1"]
[SourceVersionDate "2023.10.01"]
[SourceQuality "1"]

1. e4 e5 2. Nf3 Nc6 3. Bc4 Nf6 4. d3 Be7 5. 0-0 0-0 6. Re1 d6 7. a4 Na5 8. Ba2 c5 9. c3 Nc6 10. Na3 h6 11. Bd2 Bg4 12. Nc2 Qd7 13. Ne3 Be6 14. Bxe6 Qxe6 15. Nf5 Rad8 16. c4 Rfe8 17. N3h4 Bf8 18. Re3 g6 19. Rg3 Kh7 20. Bxh6 Bxh6 21. Nxh6 Kxh6 22. Qd2+ Kh7 23. Nf5 gxf5 24. Qg5 Ng4 25. Rh3+ Nh6 26. exf5 Rg8 27. Qh4 Rg4 28. Qxg4 Qf6 29. Qe4 Kg8 30. g4 Kf8 31. Rg3 Qg5 32. Kg2 Ke7 33. Rh1 Kd7 34. h4 Qg7 35. g5 Ng8 36. h5 Kc8 37. h6 Qh7 38. g6 fxg6 39. fxg6 Qe7 40. h7 1-0

[Event "Wch U16 Girls"]
[Site "Montesilvano"]
[Date "2023.11.13"]
[Round "1"]
[White "Dobsa, Emma"]
[Black "Tejaswini, G."]
[Result "0-1"]
[WhiteElo "1653"]
[BlackElo "1956"]
[PlyCount "82"]
[EventDate "2023.11.13"]
[EventType "swiss"]
[EventRounds "11"]
[EventCountry "ITA"]
[SourceTitle "CB48_2023"]
[SourceDate "2023.11.29"]
[SourceVersion "1"]
[SourceVersionDate "2023.11.29"]
[SourceQuality "1"]

1. e4 c5 2. Nf3 d6 3. d4 cxd4 4. Nxd4 Nf6 5. Nc3 a6 6. f3 e5 7. Nb3 Be6 8. Be3 Be7 9. Qd2 h5 10. Nd5 Nxd5 11. exd5 Bf5 12. Be2 Nd7 13. 0-0 a5 14. a4 0-0 15. c4 Bg6 16. Nc1 Rc8 17. b3 Nc5 18. Bxc5 Rxc5 19. Nd3 Bg5 20. f4 Bxd3 21. Qxd3 Bxf4 22. g3 Bh6 23. Bxh5 Qg5 24. Be2 f5 25. Rf2 e4 26. Qc2 Qf6 27. Rff1 Rc7 28. Rae1 Be3+ 29. Kh1 Qd4 30. Rd1 Qe5 31. Rde1 Bc5 32. Rf4 g5 33. Rff1 Bb4 34. Rd1 Rh7 35. Rg1 Kh8 36. Rdf1 Bc5 37. Rg2 f4 38. gxf4 gxf4 39. Rg4 f3 40. Bxf3 exf3 41. Re4 Qg7 0-1

[Event "Prague Summer op-B 10th"]
[Site "Prague"]
[Date "2023.08.05"]
[Round "2"]
[White "Chinguun, Otgonbayar"]
[Black "Dobsa, Emma"]
[Result "1-0"]
[WhiteElo "1914"]
[BlackElo "1550"]
[PlyCount "77"]
[EventDate "2023.08.04"]
[EventType "swiss"]
[EventRounds "9"]
[EventCountry "CZE"]
[SourceTitle "EXT 2024"]
[Source "ChessBase"]
[SourceDate "2023.10.10"]
[SourceVersion "1"]
[SourceVersionDate "2023.10.10"]
[SourceQuality "1"]

1. d4 d5 2. c4 c6 3. Nc3 dxc4 4. a4 Nf6 5. Nf3 Bf5 6. e3 e6 7. Bxc4 Bd6 8. 0-0 0-0 9. h3 h6 10. Qe2 Ne4 11. Bd3 Nxc3 12. bxc3 Bxd3 13. Qxd3 Nd7 14. Rd1 Bc7 15. c4 Re8 16. Bb2 c5 17. dxc5 Nxc5 18. Qc3 Qf6 19. Qxf6 gxf6 20. Bxf6 Ne4 21. Bb2 Rac8 22. Rd4 f5 23. g4 Bb6 24. Rd7 Rxc4 25. Nh4 Rc7 26. Rad1 Re7 27. Rxe7 Rxe7 28. gxf5 exf5 29. Nxf5 Re6 30. Rd7 Rg6+ 31. Kf1 Nc5 32. Rd5 Kf7 33. a5 Na4 34. axb6 Nxb2 35. bxa7 Ra6 36. Rb5 Ra1+ 37. Kg2 Nc4 38. Rxb7+ Kg6 39. Ne7+ 1-0

[Event "Ceske Budejovice op-A"]
[Site "Ceske Budejovice"]
[Date "2023.07.05"]
[Round "5"]
[White "Dobsa, Emma"]
[Black "Rucabado, Stefan"]
[Result "1-0"]
[WhiteElo "1462"]
[BlackElo "1894"]
[PlyCount "63"]
[EventDate "2023.07.01"]
[EventType "swiss"]
[EventRounds "9"]
[EventCountry "CZE"]
[SourceTitle "CBM 215 Extra"]
[Source "ChessBase"]
[SourceDate "2023.09.30"]
[SourceVersion "1"]
[SourceVersionDate "2023.09.30"]
[SourceQuality "1"]

1. e4 e6 2. d4 d5 3. Bd3 dxe4 4. Bxe4 Nf6 5. Bf3 c5 6. Be3 cxd4 7. Bxd4 Be7 8. Ne2 Nc6 9. Bxc6+ bxc6 10. 0-0 0-0 11. Nbc3 Ba6 12. Re1 Qa5 13. Qd2 Bxe2 14. Qxe2 Qf5 15. Rad1 Rfd8 16. Rd3 c5 17. Rf3 Qh5 18. Be5 Ng4 19. Bf4 Bf6 20. h3 Nh6 21. Ne4 Be7 22. Ng3 Qg6 23. Bxh6 Qxh6 24. Nf5 Qf6 25. Nd6 Qg6 26. Nxf7 Rf8 27. Ne5 Qe8 28. Rxf8+ Bxf8 29. Nf3 Rb8 30. b3 Rb6 31. Ng5 Qg6 32. Nxe6 1-0

[Event "CZE-ch U16 Girls"]
[Site "Teplice"]
[Date "2023.03.17"]
[Round "8"]
[White "Hetfleischova, Elen"]
[Black "Dobsa, Emma"]
[Result "0-1"]
[WhiteElo "1623"]
[BlackElo "1449"]
[PlyCount "58"]
[EventDate "2023.03.11"]
[EventType "swiss"]
[EventRounds "9"]
[EventCountry "CZE"]
[SourceTitle "CBM 213 Extra"]
[Source "ChessBase"]
[SourceDate "2023.05.31"]
[SourceVersion "1"]
[SourceVersionDate "2023.05.31"]
[SourceQuality "1"]

1. c4 c6 2. Nc3 d5 3. cxd5 cxd5 4. d4 Nf6 5. g3 Bf5 6. Bg2 e6 7. Nf3 h6 8. Bf4 Nc6 9. 0-0 Be7 10. e3 Bh7 11. a3 Nh5 12. Rc1 g5 13. Be5 f6 14. g4 fxe5 15. gxh5 e4 16. Nd2 Bd6 17. Kh1 Rg8 18. f3 g4 19. fxe4 Qh4 20. e5 Nxe5 21. Qe1 g3 22. h3 Nd3 23. Qe2 Nf2+ 24. Rxf2 gxf2 25. Qb5+ Kf7 26. Qxb7+ Qe7 27. Qb3 Qg5 28. Qb7+ Be7 29. Bxd5 Qg1+ 0-1

[Event "CZE-ch U16 Girls"]
[Site "Teplice"]
[Date "2023.03.12"]
[Round "2"]
[White "Dobsa, Emma"]
[Black "Havelkova, Beata"]
[Result "0-1"]
[WhiteElo "1449"]
[BlackElo "1670"]
[PlyCount "78"]
[EventDate "2023.03.11"]
[EventType "swiss"]
[EventRounds "9"]
[EventCountry "CZE"]
[SourceTitle "CBM 213 Extra"]
[Source "ChessBase"]
[SourceDate "2023.05.31"]
[SourceVersion "1"]
[SourceVersionDate "2023.05.31"]
[SourceQuality "1"]

1. e4 c5 2. Nf3 e6 3. c4 Qc7 4. d4 cxd4 5. Qxd4 Nc6 6. Qe3 Nf6 7. Nc3 a6 8. a3 b6 9. Bd3 Bd6 10. h3 0-0 11. 0-0 Re8 12. Re1 Bc5 13. Qg5 h6 14. Qf4 Qxf4 15. Bxf4 e5 16. Bh2 Rb8 17. Rac1 Bb7 18. Nd5 d6 19. b4 Bd4 20. b5 Na5 21. bxa6 Bxd5 22. cxd5 Bb2 23. Rb1 Bxa3 24. Nd2 Rec8 25. Bb5 Rc2 26. Nb3 Nxb3 27. Rxb3 Bc5 28. Bg3 Ra2 29. Rbb1 Bd4 30. Rec1 Nxe4 31. Kh2 Nd2 32. Rb4 Bc5 33. Ra4 Rxa4 34. Bxa4 b5 35. Bc2 b4 36. Rd1 Nc4 37. Bd3 Nb2 38. Rd2 Nxd3 39. Rxd3 Ra8 0-1

[Event "EU Union-ch U14"]
[Site "Pec pod Snezkou"]
[Date "2022.08.28"]
[Round "7"]
[White "Hetfleischova, Elen"]
[Black "Dobsa, Emma"]
[Result "1-0"]
[WhiteElo "1352"]
[BlackElo "1526"]
[PlyCount "55"]
[EventDate "2022.08.22"]
[EventType "swiss"]
[EventRounds "9"]
[EventCountry "CZE"]
[SourceTitle "EXT 2023"]
[Source "ChessBase"]
[SourceDate "2022.10.05"]
[SourceVersion "1"]
[SourceVersionDate "2022.10.05"]
[SourceQuality "1"]

1. e4 e5 2. Nf3 Nc6 3. Bc4 Bc5 4. c3 Nf6 5. d4 exd4 6. e5 d5 7. Bb5 Ne4 8. Nxd4 Bd7 9. Bxc6 Bxc6 10. 0-0 0-0 11. f3 Ng5 12. f4 Ne4 13. Be3 Bb6 14. Nd2 f5 15. Rf3 Qe7 16. Rh3 Be8 17. N2f3 c5 18. Nxf5 Qf7 19. Ng3 Nxg3 20. Rxg3 Bc6 21. Ng5 Qf5 22. Qf1 h6 23. Nf3 Qe4 24. Re1 Qa4 25. Nh4 d4 26. b3 Qa5 27. Qc4+ Rf7 28. e6 1-0

[Event "CZE-ch U14 Girls"]
[Site "Luhacovice"]
[Date "2022.03.14"]
[Round "3"]
[White "Barteckova, Denisa"]
[Black "Dobsa, Emma"]
[Result "0-1"]
[WhiteElo "1323"]
[BlackElo "1425"]
[PlyCount "140"]
[EventDate "2022.03.12"]
[EventType "swiss"]
[EventRounds "9"]
[EventCountry "CZE"]
[SourceTitle "EXT 2023"]
[Source "ChessBase"]
[SourceDate "2022.10.05"]
[SourceVersion "1"]
[SourceVersionDate "2022.10.05"]
[SourceQuality "1"]

1. e4 e5 2. Nf3 Nc6 3. d4 exd4 4. Nxd4 Nf6 5. Nc3 Bb4 6. Nxc6 bxc6 7. Bd3 d5 8. exd5 cxd5 9. 0-0 0-0 10. Bg5 c6 11. Qf3 Re8 12. h3 h6 13. Bh4 Rb8 14. a3 Bd6 15. Na4 a5 16. Rfe1 Be6 17. Rac1 g5 18. Bg3 Kg7 19. Be5 Bxe5 20. Rxe5 Qd6 21. Ree1 g4 22. hxg4 Bxg4 23. Qg3 Qxg3 24. fxg3 Re6 25. b3 Rbe8 26. Kf2 Nh5 27. Rxe6 fxe6 28. Nc5 Rf8+ 29. Kg1 Nxg3 30. Re1 Re8 31. Nb7 Ra8 32. Nc5 Re8 33. Nb7 e5 34. Kf2 Nh5 35. g3 e4 36. Be2 Rf8+ 37. Kg2 Bxe2 38. Rxe2 Rf3 39. Nxa5 Rxg3+ 40. Kf1 Rg6 41. Rg2 Rxg2 42. Kxg2 Nf4+ 43. Kf2 h5 44. Nxc6 Kf6 45. Nd4 h4 46. a4 Ne6 47. Ne2 Ke5 48. a5 Nc7 49. c3 Kf5 50. Nd4+ Kf4 51. Ne2+ Kg4 52. b4 Nb5 53. a6 h3 54. Nd4 e3+ 55. Kg1 Kg3 56. Nf5+ Kf3 57. a7 Nxa7 58. Nd4+ Ke4 59. Kh2 Nb5 60. Ne2 Kd3 61. Nf4+ Kd2 62. Kxh3 e2 63. Ng2 Nxc3 64. Kg3 e1Q+ 65. Nxe1 Kxe1 66. Kf4 Ke2 67. Ke5 Ke3 68. b5 d4 69. b6 Na4 70. b7 Nc5 0-1

[Event "CZE-ch U14 Girls"]
[Site "Luhacovice"]
[Date "2022.03.14"]
[Round "4"]
[White "Dobsa, Emma"]
[Black "Hetfleischova, Elen"]
[Result "0-1"]
[WhiteElo "1425"]
[BlackElo "1363"]
[PlyCount "22"]
[EventDate "2022.03.12"]
[EventType "swiss"]
[EventRounds "9"]
[EventCountry "CZE"]
[SourceTitle "EXT 2023"]
[Source "ChessBase"]
[SourceDate "2022.10.05"]
[SourceVersion "1"]
[SourceVersionDate "2022.10.05"]
[SourceQuality "1"]

1. e4 c5 2. Nf3 Nc6 3. d4 cxd4 4. Nxd4 Nf6 5. Nc3 g6 6. Nxc6 bxc6 7. e5 Ng8 8. Bc4 Bg7 9. Bf4 Qa5 10. Qe2 Qb4 11. Rb1 d5 0-1

[Event "CZE-ch U14 Girls"]
[Site "Luhacovice"]
[Date "2022.03.12"]
[Round "1"]
[White "Archlebova, Stela"]
[Black "Dobsa, Emma"]
[Result "0-1"]
[WhiteElo "1121"]
[BlackElo "1425"]
[PlyCount "36"]
[EventDate "2022.03.12"]
[EventType "swiss"]
[EventRounds "9"]
[EventCountry "CZE"]
[SourceTitle "EXT 2023"]
[Source "ChessBase"]
[SourceDate "2022.10.05"]
[SourceVersion "1"]
[SourceVersionDate "2022.10.05"]
[SourceQuality "1"]

1. e4 e5 2. Nf3 Nc6 3. Nc3 Nf6 4. Bc4 Nxe4 5. Nxe4 d5 6. Bb5 dxe4 7. Nxe5 Qg5 8. d4 Qxg2 9. Rf1 a6 10. Bc4 Nxe5 11. dxe5 Be7 12. Bf4 0-0 13. Qe2 Bg4 14. Qe3 Rad8 15. Bg5 Bxg5 16. Qxg5 Qf3 17. Qc1 b5 18. Rg1 bxc4 0-1

[Event "CZE-ch U14"]
[Site "Herlikovice"]
[Date "2021.10.29"]
[Round "8"]
[White "Dobsa, Emma"]
[Black "Svoboda, Ondrej"]
[Result "1-0"]
[WhiteElo "1555"]
[BlackElo "1214"]
[PlyCount "47"]
[EventDate "2021.10.23"]
[EventType "swiss"]
[EventRounds "9"]
[EventCountry "CZE"]
[SourceTitle "EXT 2023"]
[Source "ChessBase"]
[SourceDate "2022.10.05"]
[SourceVersion "1"]
[SourceVersionDate "2022.10.05"]
[SourceQuality "1"]

1. e4 c5 2. Nf3 d6 3. d4 cxd4 4. Nxd4 Nf6 5. Nc3 Nc6 6. Be2 Bd7 7. 0-0 g6 8. Be3 Bg7 9. f4 0-0 10. Bf3 Qc8 11. h3 Nh5 12. Bxh5 gxh5 13. Nd5 Qd8 14. Rf3 e6 15. Nc3 h4 16. Ndb5 Bxc3 17. Nxc3 Na5 18. Qxd6 Nc4 19. Qb4 Nb6 20. Rd1 Qc7 21. Bf2 Bc6 22. Bxh4 f5 23. Rg3+ Kf7 24. Qd4 1-0

[Event "EU Union-ch U12"]
[Site "Kouty nad Desnou"]
[Date "2020.08.18"]
[Round "5"]
[White "Dobsa, Emma"]
[Black "Hetfleischova, Elen"]
[Result "1-0"]
[WhiteElo "1413"]
[BlackElo "1299"]
[PlyCount "89"]
[EventDate "2020.08.14"]
[EventType "swiss"]
[EventRounds "9"]
[EventCountry "CZE"]
[SourceTitle "EXT 2021"]
[Source "ChessBase"]
[SourceDate "2020.10.23"]
[SourceVersion "1"]
[SourceVersionDate "2020.10.23"]
[SourceQuality "1"]

1. e4 e6 2. d4 d5 3. exd5 exd5 4. Bd3 Nf6 5. Ne2 Be6 6. 0-0 Nc6 7. c3 Qd7 8. Re1 0-0-0 9. Bf4 h6 10. Nd2 g5 11. Bg3 h5 12. h4 gxh4 13. Bxh4 Be7 14. Nf3 Rdg8 15. Nf4 Rg4 16. Qd2 Rhg8 17. Bb5 Ne4 18. Bxc6 Qxc6 19. Rxe4 Bxh4 20. Re5 Qd6 21. Nxh4 Rxh4 22. Nxh5 Qe7 23. Ng3 Rgh8 24. Rae1 Qf6 25. Qg5 Qxg5 26. Rxg5 b6 27. Kf1 Re8 28. Rxd5 Bxd5 29. Rxe8+ Kb7 30. a3 Rh2 31. f3 Bc4+ 32. Kg1 Rh6 33. Re7 Bd5 34. Nf5 Rg6 35. Kf2 Bb3 36. g4 Rf6 37. Ne3 Rh6 38. Kg2 Rf6 39. g5 Rg6 40. f4 f6 41. Kg3 fxg5 42. f5 Rg8 43. f6 Rg6 44. Ng4 Ba2 45. f7 1-0

[Event "EU Union-ch U12"]
[Site "Kouty nad Desnou"]
[Date "2020.08.16"]
[Round "3"]
[White "Dobsa, Emma"]
[Black "Juhanak, Daniel"]
[Result "0-1"]
[WhiteElo "1413"]
[BlackElo "1720"]
[PlyCount "48"]
[EventDate "2020.08.14"]
[EventType "swiss"]
[EventRounds "9"]
[EventCountry "CZE"]
[SourceTitle "EXT 2021"]
[Source "ChessBase"]
[SourceDate "2020.10.23"]
[SourceVersion "1"]
[SourceVersionDate "2020.10.23"]
[SourceQuality "1"]

1. e4 c5 2. Nf3 d6 3. d4 cxd4 4. Nxd4 Nf6 5. Nc3 a6 6. f3 e5 7. Nb3 Be6 8. Bg5 Be7 9. Qd2 h6 10. Bh4 Nxe4 11. Nxe4 Bxh4+ 12. g3 Be7 13. Bg2 0-0 14. Rd1 Qc7 15. 0-0 Rd8 16. f4 d5 17. Nc3 d4 18. Ne4 f5 19. Nf2 Bxb3 20. axb3 e4 21. Qe2 Nc6 22. Qc4+ Kh8 23. Qf7 e3 24. Nd3 e2 0-1

[Event "EU Union-ch U12"]
[Site "Kouty nad Desnou"]
[Date "2020.08.15"]
[Round "2"]
[White "Mueller, Maximilian3333"]
[Black "Dobsa, Emma"]
[Result "1-0"]
[WhiteElo "1699"]
[BlackElo "1413"]
[PlyCount "57"]
[EventDate "2020.08.14"]
[EventType "swiss"]
[EventRounds "9"]
[EventCountry "CZE"]
[SourceTitle "EXT 2021"]
[Source "ChessBase"]
[SourceDate "2020.10.23"]
[SourceVersion "1"]
[SourceVersionDate "2020.10.23"]
[SourceQuality "1"]

1. e4 e5 2. Nf3 Nc6 3. Bb5 Nf6 4. 0-0 Nxe4 5. d4 Nd6 6. Bxc6 dxc6 7. dxe5 Nf5 8. Qxd8+ Kxd8 9. Nc3 Bd7 10. Rd1 Kc8 11. Ng5 Be8 12. g4 Ne7 13. f4 Ng6 14. h3 Bc5+ 15. Kg2 Nh4+ 16. Kg3 b6 17. f5 h5 18. Nce4 hxg4 19. hxg4 Be7 20. Be3 f6 21. exf6 gxf6 22. Ne6 Bf7 23. Nf4 Kb7 24. Rh1 Nxf5+ 25. gxf5 Rag8+ 26. Kf2 Be8 27. Rxh8 Rxh8 28. Rg1 Bd7 29. Rg7 1-0

[Event "Ceske Budejovice op-B"]
[Site "Ceske Budejovice"]
[Date "2020.07.05"]
[Round "5"]
[White "Molnar, Ladislav"]
[Black "Dobsa, Emma"]
[Result "1-0"]
[WhiteElo "1712"]
[BlackElo "1345"]
[PlyCount "62"]
[EventDate "2020.07.01"]
[EventType "swiss"]
[EventRounds "9"]
[EventCountry "CZE"]
[SourceTitle "CBM 197 Extra"]
[Source "ChessBase"]
[SourceDate "2020.09.30"]
[SourceVersion "1"]
[SourceVersionDate "2020.09.30"]
[SourceQuality "1"]

1. e4 e5 2. Bc4 Nf6 3. d3 Nc6 4. Nf3 Bc5 5. 0-0 d6 6. c3 a6 7. b4 Ba7 8. a4 0-0 9. Bg5 h6 10. Bh4 Bd7 11. Nbd2 Re8 12. h3 Qe7 13. Nh2 Nd8 14. Kh1 b5 15. axb5 axb5 16. Bb3 h5 17. Bxf6 Qxf6 18. Qxh5 Ne6 19. g3 Bb6 20. Rxa8 Rxa8 21. h4 Ra3 22. Ng4 Qe7 23. Ne3 c5 24. Nd5 Qd8 25. f4 cxb4 26. fxe5 g6 27. Qf3 bxc3 28. Qxf7+ Kh8 29. Nf6 Ng7 30. Qxg6 Qxf6 31. Qxf6 cxd2 1-0

[Event "Ceske Budejovice op-B"]
[Site "Ceske Budejovice"]
[Date "2020.07.02"]
[Round "2"]
[White "Kroulik, Stepan"]
[Black "Dobsa, Emma"]
[Result "0-1"]
[WhiteElo "1052"]
[BlackElo "1345"]
[PlyCount "114"]
[EventDate "2020.07.01"]
[EventType "swiss"]
[EventRounds "9"]
[EventCountry "CZE"]
[SourceTitle "CBM 197 Extra"]
[Source "ChessBase"]
[SourceDate "2020.09.30"]
[SourceVersion "1"]
[SourceVersionDate "2020.09.30"]
[SourceQuality "1"]

1. e4 e5 2. Nf3 Nc6 3. d4 exd4 4. Nxd4 Bc5 5. Nb3 Bb6 6. Nc3 Nf6 7. Bg5 h6 8. Bh4 d6 9. Bd3 Be6 10. 0-0 g5 11. Bg3 Qd7 12. Kh1 0-0-0 13. Qf3 Qe7 14. Rfe1 Bg4 15. Qe3 Bxe3 16. fxe3 h5 17. Nd4 Nxd4 18. exd4 h4 19. Bf2 h3 20. d5 hxg2+ 21. Kxg2 Bh3+ 22. Kg1 Ng4 23. Bxa7 Qe5 24. Re2 Nxh2 25. Rxh2 Qg3+ 26. Kh1 Bg2+ 27. Kg1 Rxh2 28. Ne2 Qe3+ 29. Bxe3 Rh1+ 30. Kxg2 Rxa1 31. Bxg5 Rg8 32. Kf3 Rxg5 33. a3 Rf1+ 34. Ke3 c6 35. Nd4 Rg3+ 36. Kd2 Rf2+ 37. Ke1 Rh2 38. Kf1 cxd5 39. exd5 Rg4 40. Nf3 Rf4 41. Be2 Rh5 42. c4 Rhf5 43. Kf2 Kc7 44. Ke3 Kb6 45. Nd4 Rf6 46. b4 Rh4 47. a4 Rff4 48. a5+ Kc7 49. Nb5+ Kd7 50. Kd2 Rh2 51. Ke3 Rff2 52. Bg4+ f5 53. Bd1 Rb2 54. Nd4 Rxb4 55. Nxf5 Rxc4 56. Be2 Rc5 57. Bf3 Rxa5 0-1

[Event "CZE-ch U12 Girls"]
[Site "Kouty nad Desnou"]
[Date "2020.03.07"]
[Round "1"]
[White "Dobsa, Emma"]
[Black "Myskova, Veronika"]
[Result "1-0"]
[WhiteElo "1342"]
[BlackElo "1042"]
[PlyCount "83"]
[EventDate "2020.03.07"]
[EventType "swiss"]
[EventRounds "7"]
[EventCountry "CZE"]
[SourceTitle "CBM 195 Extra"]
[Source "ChessBase"]
[SourceDate "2020.05.31"]
[SourceVersion "1"]
[SourceVersionDate "2020.05.31"]
[SourceQuality "1"]

1. e4 c5 2. Nf3 Nc6 3. d4 cxd4 4. Nxd4 g6 5. Nxc6 bxc6 6. Qd4 Nf6 7. e5 Nh5 8. Qc3 Bg7 9. g4 Nf6 10. exf6 Bxf6 11. Qd3 Qa5+ 12. Nc3 d6 13. g5 Qe5+ 14. Qe3 Qxe3+ 15. Bxe3 Bg7 16. Bg2 Bd7 17. 0-0-0 a5 18. a3 a4 19. Bd4 e5 20. Rhe1 0-0 21. Bb6 d5 22. Bc7 Rfe8 23. Ne4 Ra7 24. Bb6 Rb7 25. Nc5 Bg4 26. f3 Bxf3 27. Nxb7 Bxd1 28. Kxd1 Rb8 29. Bc7 Rxb7 30. Bxe5 Bxe5 31. Rxe5 Rxb2 32. Re8+ Kg7 33. Ra8 d4 34. Rxa4 d3 35. Rc4 dxc2+ 36. Rxc2 Rb3 37. a4 Ra3 38. Bxc6 Rd3+ 39. Ke2 Rh3 40. Kf1 Rh5 41. Rg2 h6 42. a5 1-0

[Event "Karlovy Vary CupT U16"]
[Site "Karlovy Vary"]
[Date "2020.01.23"]
[Round "3.4"]
[White "Dobsa, Emma"]
[Black "Malkova, Adriana"]
[Result "0-1"]
[WhiteElo "1342"]
[BlackElo "1491"]
[PlyCount "100"]
[EventDate "2020.01.22"]
[EventType "team-swiss"]
[EventRounds "4"]
[EventCountry "CZE"]
[SourceTitle "CBM 194 Extra"]
[Source "ChessBase"]
[SourceDate "2020.03.31"]
[SourceVersion "1"]
[SourceVersionDate "2020.03.31"]
[SourceQuality "1"]
[WhiteTeam "Praha"]
[BlackTeam "Plzensky kraj"]
[WhiteTeamCountry "CZE"]
[BlackTeamCountry "CZE"]

1. e4 c5 2. Nf3 a6 3. c3 d5 4. exd5 Qxd5 5. d4 Nf6 6. Be3 cxd4 7. cxd4 e6 8. Nc3 Qd8 9. Bd3 Nc6 10. a3 Bd6 11. 0-0 0-0 12. Rc1 Qd7 13. Re1 b5 14. Ne4 Nxe4 15. Bxe4 Bb7 16. Qc2 Rac8 17. Bxh7+ Kh8 18. Qd3 g6 19. Bxg6 fxg6 20. Qxg6 Rg8 21. Qd3 Qg7 22. g3 Rcf8 23. Nh4 Qg4 24. Ng2 Qh3 25. Qe4 Nd8 26. d5 Bxd5 27. Bd4+ Rg7 28. Qh4+ Qxh4 29. Bxg7+ Kxg7 30. Nxh4 Nf7 31. Ng2 Ng5 32. Re2 Nh3+ 33. Kf1 Bc4 34. Rxc4 bxc4 35. f4 e5 36. Re4 exf4 37. Nxf4 Nxf4 38. gxf4 Rxf4+ 39. Rxf4 Bxf4 40. h3 Kf6 41. Ke2 Ke5 42. Kf3 Bc1 43. Ke2 Bxb2 44. Kd2 Kd5 45. Kc2 Bxa3 46. h4 Bf8 47. Kb2 Kd4 48. Kc2 c3 49. h5 a5 50. Kc1 Kd3 0-1

[Event "Karlovy Vary CupT U16"]
[Site "Karlovy Vary"]
[Date "2020.01.22"]
[Round "2.4"]
[White "Malkova, Adriana"]
[Black "Dobsa, Emma"]
[Result "1-0"]
[WhiteElo "1491"]
[BlackElo "1342"]
[PlyCount "55"]
[EventDate "2020.01.22"]
[EventType "team-swiss"]
[EventRounds "4"]
[EventCountry "CZE"]
[SourceTitle "CBM 194 Extra"]
[Source "ChessBase"]
[SourceDate "2020.03.31"]
[SourceVersion "1"]
[SourceVersionDate "2020.03.31"]
[SourceQuality "1"]
[WhiteTeam "Plzensky kraj"]
[BlackTeam "Praha"]
[WhiteTeamCountry "CZE"]
[BlackTeamCountry "CZE"]

1. d4 d5 2. g3 c5 3. e3 Nf6 4. Bg2 Bf5 5. Nf3 e6 6. 0-0 Be7 7. b3 0-0 8. Bb2 Nc6 9. a3 Qd7 10. Nbd2 Rac8 11. Re1 cxd4 12. exd4 Qc7 13. c4 dxc4 14. Nxc4 Rfd8 15. Rc1 Bg4 16. Nce5 Qb6 17. Nxc6 Rxc6 18. Rxc6 bxc6 19. Qc2 Qa5 20. b4 Qb6 21. Ne5 Bf5 22. Qxc6 Qb8 23. Rc1 Bg6 24. Qc4 Qb6 25. Nc6 Re8 26. Nxe7+ Rxe7 27. Qc5 Qa6 28. Qxe7 1-0

[Event "EU-ch U12 Girls"]
[Site "Bratislava"]
[Date "2019.08.10"]
[Round "9"]
[White "Dobsa, Emma"]
[Black "Katter, Marlene"]
[Result "0-1"]
[WhiteElo "1317"]
[BlackElo "1507"]
[PlyCount "104"]
[EventDate "2019.08.02"]
[EventType "swiss"]
[EventRounds "9"]
[EventCountry "SVK"]
[SourceTitle "EXT 2020"]
[Source "ChessBase"]
[SourceDate "2019.10.17"]
[SourceVersion "1"]
[SourceVersionDate "2019.10.17"]
[SourceQuality "1"]

1. e4 e6 2. d4 d5 3. exd5 exd5 4. Bd3 Nf6 5. Ne2 Bd6 6. Bf4 0-0 7. 0-0 Bg4 8. Bxd6 Qxd6 9. Qd2 Nbd7 10. h3 Bxe2 11. Qxe2 Rae8 12. Qf3 Qb4 13. Bf5 Qxd4 14. Nc3 Ne5 15. Qg3 c6 16. Rfe1 Ng6 17. Rxe8 Rxe8 18. Qd6 Qe5 19. Qxe5 Rxe5 20. Bc8 b6 21. Bb7 Ne7 22. Kf1 Nd7 23. b4 c5 24. a3 Kf8 25. g4 g5 26. Rd1 Nf6 27. Kg2 Ke8 28. Kg3 Kd7 29. Nb5 Ne4+ 30. Kg2 Nd6 31. Nxd6 Kxd6 32. c4 Kc7 33. Bxd5 Nxd5 34. cxd5 Kd6 35. bxc5+ bxc5 36. Rb1 Re7 37. Rd1 c4 38. Rd4 Rc7 39. Kf3 c3 40. Rd1 c2 41. Rc1 Kxd5 42. Ke3 Rc3+ 43. Kd2 Rxh3 44. Rxc2 Rxa3 45. Rc7 Ke6 46. Rc6+ Ke7 47. Rc7+ Kf6 48. Rc6+ Kg7 49. Rc5 h6 50. Kc2 Ra2+ 51. Kb3 Rxf2 52. Ra5 Rf4 0-1

[Event "EU-ch U12 Girls"]
[Site "Bratislava"]
[Date "2019.08.08"]
[Round "7"]
[White "Dobsa, Emma"]
[Black "Budagova, Leyla"]
[Result "0-1"]
[WhiteElo "1317"]
[BlackElo "1431"]
[PlyCount "46"]
[EventDate "2019.08.02"]
[EventType "swiss"]
[EventRounds "9"]
[EventCountry "SVK"]
[SourceTitle "EXT 2020"]
[Source "ChessBase"]
[SourceDate "2019.10.17"]
[SourceVersion "1"]
[SourceVersionDate "2019.10.17"]
[SourceQuality "1"]

1. e4 c5 2. Nf3 d6 3. d4 cxd4 4. Nxd4 Nf6 5. Nc3 g6 6. Be3 Bg7 7. f3 0-0 8. Qd2 Nc6 9. 0-0-0 Bd7 10. g4 Ne5 11. Kb1 Rc8 12. h4 Qa5 13. Be2 Nc4 14. Bxc4 Rxc4 15. Nb3 Qc7 16. h5 a5 17. hxg6 fxg6 18. Nd5 Nxd5 19. Qxd5+ Rf7 20. Rd2 a4 21. Nc1 Rb4 22. e5 Bxe5 23. Nd3 e6 0-1